<?xml version="1.0" encoding="UTF-8"?>
<record
    xmlns:xsi="http://www.w3.org/2001/XMLSchema-instance"
    xsi:schemaLocation="http://www.loc.gov/MARC21/slim http://www.loc.gov/standards/marcxml/schema/MARC21slim.xsd"
    xmlns="http://www.loc.gov/MARC21/slim">

  <leader>03176nam a22004457a 4500</leader>
  <datafield tag="999" ind1=" " ind2=" ">
    <subfield code="c">6600</subfield>
    <subfield code="d">6600</subfield>
  </datafield>
  <controlfield tag="003">OSt</controlfield>
  <controlfield tag="005">20260409122102.0</controlfield>
  <controlfield tag="008">190228c        xxuf||p| |||| 00| 0 spa d</controlfield>
  <datafield tag="040" ind1=" " ind2=" ">
    <subfield code="c">PJ</subfield>
  </datafield>
  <datafield tag="245" ind1="1" ind2="0">
    <subfield code="a">Revista de derecho laboral :</subfield>
    <subfield code="b">las indemnizaciones laborales - I /</subfield>
    <subfield code="c">director Mario E. Ackerman.</subfield>
  </datafield>
  <datafield tag="260" ind1=" " ind2=" ">
    <subfield code="a">Santa F&#xE9; :</subfield>
    <subfield code="b">Rubinzal-Culzoni,</subfield>
    <subfield code="c">2022.</subfield>
  </datafield>
  <datafield tag="300" ind1=" " ind2=" ">
    <subfield code="a">669 p.</subfield>
    <subfield code="c">22 cm.</subfield>
  </datafield>
  <datafield tag="310" ind1=" " ind2=" ">
    <subfield code="a">semestral</subfield>
  </datafield>
  <datafield tag="362" ind1=" " ind2=" ">
    <subfield code="a">No. 1 (2022)</subfield>
  </datafield>
  <datafield tag="505" ind1=" " ind2=" ">
    <subfield code="t">Protecci&#xF3;n ante la contingencia de desempleo o contra el despido sin justa causa - reflexiones cr&#xED;ticas sobre el r&#xE9;gimen de protecci&#xF3;n para el siglo xxi y las posibles causas que conspiran contra la creaci&#xF3;n de empleo /</subfield>
    <subfield code="r"> Miguel &#xC1;ngel Maza.</subfield>
  </datafield>
  <datafield tag="505" ind1=" " ind2=" ">
    <subfield code="t">Emergencia ocupacional, duplicaci&#xF3;n indemnizatoria y discusiones pendientes en el derecho del trabajo argentino /</subfield>
    <subfield code="r">Julieta Lobato.</subfield>
  </datafield>
  <datafield tag="505" ind1=" " ind2=" ">
    <subfield code="t">&#xBF;qu&#xE9; contiene la mochila argentina? /</subfield>
    <subfield code="r"> C&#xE9;sar Arese.</subfield>
  </datafield>
  <datafield tag="505" ind1=" " ind2=" ">
    <subfield code="t">El dos cuarenta y cinco /</subfield>
    <subfield code="r">Alejandro Sudera.</subfield>
  </datafield>
  <datafield tag="505" ind1=" " ind2=" ">
    <subfield code="t">Reflexiones sobre las indemnizaciones ordinarias por despido (art&#xED;culos 245 y 247, lct) /</subfield>
    <subfield code="r">Mario S. Fera y Liliana Fern&#xE1;ndez.</subfield>
  </datafield>
  <datafield tag="505" ind1=" " ind2=" ">
    <subfield code="t">&#xBF;es aplicable la doctrina de &#x201C;vizzoti&#x201D; a hip&#xF3;tesis extintivas distintas de las del art&#xED;culo 245 de la ley de contrato de trabajo cuando la norma que las regula se remite a &#xE9;ste? /</subfield>
    <subfield code="r">Mario E. Ackerman.</subfield>
  </datafield>
  <datafield tag="505" ind1=" " ind2=" ">
    <subfield code="t">La indemnizaci&#xF3;n sustitutiva del preaviso en las leyes laborales /</subfield>
    <subfield code="r"> Silvia E. Pinto Varela.</subfield>
  </datafield>
  <datafield tag="505" ind1=" " ind2=" ">
    <subfield code="t">Breve repaso y apuntes sobre las indemnizaciones estatutarias /</subfield>
    <subfield code="r">Guido A. Seren Novoa.</subfield>
  </datafield>
  <datafield tag="505" ind1=" " ind2=" ">
    <subfield code="t">Indemnizaciones en relaciones laborales bajo modalidades contractuales /</subfield>
    <subfield code="r"> Carlos Alberto Livellara.</subfield>
  </datafield>
  <datafield tag="505" ind1=" " ind2=" ">
    <subfield code="t">An&#xE1;lisis cr&#xED;tico de la &#x201C;indemnizaci&#xF3;n&#x201D; por muerte del trabajador dispuesta en el art&#xED;culo 248 de la ley de contrato de trabajo /</subfield>
    <subfield code="r">Diego Fernando Manauta.</subfield>
  </datafield>
  <datafield tag="505" ind1=" " ind2=" ">
    <subfield code="t">En busca del precio perdido - la indemnizaci&#xF3;n por la mora en los cr&#xE9;ditos laborales /</subfield>
    <subfield code="r"> Jos&#xE9; Daniel Machado.</subfield>
  </datafield>
  <datafield tag="505" ind1=" " ind2=" ">
    <subfield code="t">Criterios e interrogantes sobre las indemnizaciones por maternidad y matrimonio: una tutela estigmatizante /</subfield>
    <subfield code="r">Denise Yael Tapiero.</subfield>
  </datafield>
  <datafield tag="505" ind1=" " ind2=" ">
    <subfield code="t">El deber de observar las obligaciones frente a los organismos sindicales y de la seguridad social - el certificado de trabajo /</subfield>
    <subfield code="r"> Diego J. Tula.</subfield>
  </datafield>
  <datafield tag="505" ind1=" " ind2=" ">
    <subfield code="t">La logomaquia en torno de la sanci&#xF3;n establecida en el art&#xED;culo 132 bis de la lct - una figura at&#xED;pica, de tipicidad sobreviniente /</subfield>
    <subfield code="r"> Lucas Caparr&#xF3;s.</subfield>
  </datafield>
  <datafield tag="505" ind1=" " ind2=" ">
    <subfield code="t">Trabajo no registrado o con irregularidades registrales /</subfield>
    <subfield code="r"> Gabriel Tosto y Rosal&#xED;a P&#xE9;cora.</subfield>
  </datafield>
  <datafield tag="505" ind1=" " ind2=" ">
    <subfield code="t">Da&#xF1;o al inter&#xE9;s previsional por la omisi&#xF3;n de registrar el contrato de trabajo /</subfield>
    <subfield code="r"> Sebasti&#xE1;n Coppoletta.</subfield>
  </datafield>
  <datafield tag="505" ind1=" " ind2=" ">
    <subfield code="t">El articulo 2 de la ley 25.323 y la industria del juicio /</subfield>
    <subfield code="r"> Jorge El&#xED;as.</subfield>
  </datafield>
  <datafield tag="650" ind1=" " ind2="0">
    <subfield code="9">1316</subfield>
    <subfield code="a">DERECHO LABORAL</subfield>
  </datafield>
  <datafield tag="650" ind1=" " ind2="0">
    <subfield code="9">1382</subfield>
    <subfield code="a">INDEMNIZACION</subfield>
  </datafield>
  <datafield tag="650" ind1=" " ind2="0">
    <subfield code="9">1323</subfield>
    <subfield code="a">CONTRATO DE TRABAJO</subfield>
  </datafield>
  <datafield tag="650" ind1=" " ind2="0">
    <subfield code="9">1533</subfield>
    <subfield code="a">DESPIDO</subfield>
  </datafield>
  <datafield tag="700" ind1=" " ind2=" ">
    <subfield code="9">1423</subfield>
    <subfield code="a">Ackermann, Mario Eduardo</subfield>
    <subfield code="e">director</subfield>
  </datafield>
  <datafield tag="856" ind1=" " ind2=" ">
    <subfield code="u">https://www.rubinzal.com.ar/revistas/revista-de-derecho-laboral/5/?home=1</subfield>
    <subfield code="y">Rubinzal Culzoni Editores</subfield>
  </datafield>
  <datafield tag="942" ind1=" " ind2=" ">
    <subfield code="2">udc</subfield>
    <subfield code="c">PP</subfield>
    <subfield code="h">347.1(05)</subfield>
    <subfield code="i">REV</subfield>
  </datafield>
  <datafield tag="952" ind1=" " ind2=" ">
    <subfield code="0">0</subfield>
    <subfield code="1">0</subfield>
    <subfield code="2">udc</subfield>
    <subfield code="4">0</subfield>
    <subfield code="7">0</subfield>
    <subfield code="a">DJS</subfield>
    <subfield code="b">DJS</subfield>
    <subfield code="d">2026-04-09</subfield>
    <subfield code="p">6560</subfield>
    <subfield code="r">2026-04-09</subfield>
    <subfield code="w">2026-04-09</subfield>
    <subfield code="y">PP</subfield>
  </datafield>
</record>
